英連邦王国構成国 - Statistics

General Stats
  • This quiz has been taken 128 times
  • The average score is 5 of 15
Answer Stats
Answer % Correct
オーストラリア連邦
93%
グレートブリテン及び北アイルランド連合王国
91%
ニュージーランド王国
87%
カナダ
70%
ツバル
41%
ベリーズ
23%
ジャマイカ
21%
セントルシア
20%
セントビンセント及びグレナディーン諸島
20%
グレナダ
18%
アンティグア・バーブーダ
18%
パプアニューギニア独立国
15%
バハマ国
12%
ソロモン諸島
9%
セントクリスト・ファーネイビス連邦
3%
No matching quizzes found
Score Distribution
Percent of People with Each Score
Percentile by Number Answered
Your Score History
You have not taken this quiz